000 00949nam a22002297a 4500
005 20260205122233.0
008 260205b |||||||| |||| 00| 0 eng d
050 _aTHE LC95
_b.W39 2025
100 _aWaweru, Jecinta Nyambura
245 _aPsychological effects of single parenthood on academic performance of high school students in Nakuru West, Nakuru County, Kenya /
260 _aLimuru, Kenya:
_bSt. Paul's University,
_c2025.
300 _axiii, 114p. ;
_c30cm.
521 _aIncludes bibliographical references
650 _aSingle-parent families
_xPsychological aspects
650 _aStudents
_xMental health
_zKenya
650 _aAcademic achievement
_xPsychological aspects
_zKenya
650 _aSecondary school students
_zKenya
700 _aNgure, Jane
_eDr.
700 _aGacohi, J. Njeri
_eDr.
856 _uhttps://repository.spu.ac.ke/xmlui/handle/123456789/6670
942 _2lcc
_cTHES
999 _c60143
_d60143